|
|
|
|
| LEADER |
00000nam0a2200000 4500 |
| 001 |
271588 |
| 005 |
20231101234442.0 |
| 035 |
|
|
|a (RuTPU)RU\TPU\book\294789
|
| 090 |
|
|
|a 271588
|
| 100 |
|
|
|a 20141009d1987 m y0rusy50 ca
|
| 101 |
0 |
|
|a rus
|
| 102 |
|
|
|a RU
|
| 105 |
|
|
|a a j 001zy
|
| 200 |
1 |
|
|a Гидравлический расчет конструкций для очистки жидкости от взвесей с рыхлой структурой
|e учебное пособие для вузов
|f Г. А. Илясов
|g Саратовский политехнический институт (СПИ)
|
| 210 |
|
|
|a Саратов
|c Изд-во Саратовского политехнического ин-та
|d 1987
|
| 215 |
|
|
|a 68 с.
|c ил.
|
| 320 |
|
|
|a Библиогр.: с. 61-66
|
| 606 |
1 |
|
|a Центрифуги
|x Гидравлический расчет (сточные воды)
|2 stltpush
|3 (RuTPU)RU\TPU\subj\18123
|9 43641
|
| 610 |
1 |
|
|a вода
|
| 610 |
1 |
|
|a очистка
|
| 610 |
1 |
|
|a анализ
|
| 610 |
1 |
|
|a водные источники
|
| 610 |
1 |
|
|a биологические характеристики
|
| 610 |
1 |
|
|a планктоны
|
| 610 |
1 |
|
|a удаление
|
| 610 |
1 |
|
|a фильтрование
|
| 610 |
1 |
|
|a фильтрующие центрифуги
|
| 610 |
1 |
|
|a конструкции
|
| 610 |
1 |
|
|a сгустители
|
| 610 |
1 |
|
|a водопроводные станции
|
| 610 |
1 |
|
|a технологические схемы
|
| 610 |
1 |
|
|a животноводческие комплексы
|
| 610 |
1 |
|
|a учебные пособия
|
| 675 |
|
|
|a 628.33(075.8)
|v 4
|
| 700 |
|
1 |
|a Илясов
|b Г. А.
|g Геннадий Александрович
|
| 712 |
0 |
2 |
|a Саратовский политехнический институт (СПИ)
|c (1960-1992)
|2 stltpush
|3 (RuTPU)RU\TPU\col\283
|
| 801 |
|
1 |
|a RU
|b 63413507
|c 20141009
|
| 801 |
|
2 |
|a RU
|b 63413507
|c 20170314
|g RCR
|
| 942 |
|
|
|c BK
|